| LEADER 00000nam a2200277Ia 4500 |
| 001 13399120562 |
| 003 BCNR |
| 008 080321s2008 us a b 001 0 eng d |
| 020 ^a9780071482813 (hbk.)
|
| 020 ^a9780071494922 (hbk.)
|
| 020 ^a9780071494915 (CD)
|
| 020 ^a007149491x (CD)
|
| 020 ^a0071482814 (hbk.)
|
| 020 ^a0071494928 (hbk.)
|
| 060 04 ^aWD210^bO12 2008
|
| 245 00 ^aObesity surgery :^bprinciples and practice /^cCid Pitombo... [et al.].
|
| 260 ^aNew York :^bMcGraw-Hill Medical,^c2008
|
| 300 ^axii, 417p. :^bill. col. ;^c30 cm. +^e1 computer opticaldisc.
|
| 500 ^aIncludes DVD.
|
| 504 ^aIncludes bibliographical references and index.
|
| 530 ^aOnline version available via the Internet through thelibrary^'s subscription to AccessSurgery.
|
| 650 0 ^aObesity^xSurgery.
|
| 650 2 ^aObesity, Morbid^xsurgery
|
| 650 2 ^aBariatric Surgery^xmethods
|
| 700 1 ^aPitombo, Cid.
|
| 999 ^aบรรณารักษ์
|